The Andhra Pradesh Legislative Assembly rules under clause (1) of article 208 of the constitution (Record no. 491089)

000 -LEADER
fixed length control field 00430cam a22001097a 4500
008 - FIXED-LENGTH DATA ELEMENTS--GENERAL INFORMATION
fixed length control field 180718b1958 xxu||||| |||| 00| 0 eng d
082 ## - DEWEY DECIMAL CLASSIFICATION NUMBER
Classification number G5x5451 An24
245 ## - TITLE STATEMENT
Title The Andhra Pradesh Legislative Assembly rules under clause (1) of article 208 of the constitution
Statement of responsibility, etc. by Legislature Secretariat, Andhra Pradesh
260 ## - PUBLICATION, DISTRIBUTION, ETC.
Place of publication, distribution, etc. Hyderabad
Name of publisher, distributor, etc. Legislature Secretariat
Date of publication, distribution, etc. 1958
300 ## - PHYSICAL DESCRIPTION
Extent 71+p
700 ## - ADDED ENTRY--PERSONAL NAME
Personal name Andhra Pradesh. Legislature Secretariat
Holdings
Withdrawn status Lost status Damaged status Not for loan Permanent Location Current Location Date acquired Full call number Barcode Date last seen Price effective from Koha item type
        Indian Institute of Public Administration Indian Institute of Public Administration 2018-08-04 G5x5451 An24 G1085 2018-08-04 2018-08-04 G

Powered by Koha